00381nam a2200133Ia 4500008004100000020002100041041000800062082001500070100002700085245006400112260004100176300000900217520002100226221007s9999 xx 000 0 und d a978-81265-5639-7 aeng a158.1bCHA aChauhan G S & Sharma S aSoft SkillsbAn Integrated Approach To Maximise Personality c2016bWiley India (p) LtdaNew Delhi a244p aB14030 June 2016